| 000 | 00729nmc a2200277 a 4500 | ||
|---|---|---|---|
| 003 | AR-BaBNM | ||
| 005 | 20251128202910.0 | ||
| 008 | 146019s1970 ||||||||||||||000 | spa|| | ||
| 040 | _cAR-BaBNM | ||
| 100 | 1 | _aNewton, Jorge | |
| 245 | 1 | 0 |
_aBelgrano _buna vida ejemplar |
| 250 | _a1ª ed. | ||
| 260 |
_aBuenos Aires _bClaridad _c1970 |
||
| 300 | _a269 p. | ||
| 490 | 0 |
_aBiblioteca de grandes biografías. A _vv. 17 |
|
| 504 | _aBibliografía: p. 267-269 | ||
| 650 | 4 | _aHISTORIA ARGENTINA | |
| 650 | 4 | _aBIOGRAFIAS | |
| 650 | 4 | _aREVOLUCION DE MAYO | |
| 650 | 4 | _aSEMANA DE MAYO | |
| 650 | 4 | _aGUERRAS DE LA INDEPENDENCIA | |
| 650 | 4 | _aCAMPANAS AL ALTO PERU | |
| 655 | _aBIOGRAFIAS | ||
| 942 | _cBK | ||
| 998 | _cEnrique | ||
| 999 |
_c1102 _d1102 |
||